00736nam a2200205Ia 450000500170000000800410001702000150005808200190007310000310009224500840012325000190020730000400022660000630026665000420032926400360037133600270040733700330043433800280046704000350049520220317001213.0160825s1986 ck a g 000 0 spa  a958904421204a759.9861bG65r1 aGonzález, Beatrizd1938-10aRamón Torres Méndezbentre lo pintoresco y la picarescacBeatriz González a1a. edición  a28 paginas bilustraciones c33 cm 14aTorres Méndez, Ramónd1809-1885xTrabajos pictóricos142LEMBaPintores colombianosySiglo XIX aBogotábCarlos Valenciac1986 atextobtxt2rdacontent asin mediaciónbn2rdamedia avolumenbnc2rdacarrier aCO-BoRNBPbspaerdacCO-BoRNBP